000 00681nam a22002057a 4500
999 _c7878
_d7878
003 AR-CdUCM
008 190321b ||||| |||| 00| 0 spa d
020 _a978-612-00-1526-1
040 _aMUNICIPALIDAD PROVINCIAL DEL CUSCO
_cBIBLIOTECA MUNICIPAL DEL CUSCO
082 _a641.36 /
_bAR77
100 _aArroyo Salas, Yoni
_922275
245 _aElaboración de embutidos /
260 _aCusco - Perú :
_bTaller de Encuadernación ;
_c2014.
300 _a166 páginas ;
_bFotografías, cuadros conceptuales
_c20cm
505 _aContenido: Elaboración de embutidos
650 _aEmbutidos
_922276
650 _aCarnes procesadas
_922277
942 _2ddc
_cLIBROS
945 _anom